Practical mycology: manual for identification of fungi
Uloženo v:
| Hlavní autor: | |
|---|---|
| Médium: | Kniha |
| Jazyk: | angličtina |
| Vydáno: |
Nueva York
Hafner
1968
|
| Vydání: | 3a. ed |
| Témata: | |
| Tagy: |
Přidat tag
Žádné tagy, Buďte první, kdo vytvoří štítek k tomuto záznamu!
|
MARC
| LEADER | 00000nam a2200000 a 4500 | ||
|---|---|---|---|
| 001 | UCU4153 | ||
| 003 | CL-VaPUC | ||
| 008 | 960517e19680000US |||||||||||||||||eng|d | ||
| 082 | 0 | 4 | |a 589.2 |b FUN |2 21 |
| 100 | 0 | |a Funder, Sigurd |e author |9 361596 | |
| 245 | 1 | 0 | |a Practical mycology: manual for identification of fungi |
| 250 | |a 3a. ed | ||
| 300 | |a 146 p | ||
| 942 | |c BK | ||
| 945 | |d 19960517 00:00:00 |a paguirre | ||
| 260 | |a Nueva York |b Hafner |c 1968 | ||
| 650 | 0 | |a Micología |9 326258 | |
| 650 | 0 | |a Hongos |9 261629 | |
| 650 | 0 | |a Microbiología |9 259706 | |
| 650 | 0 | |a Organismos vivos |9 264556 | |
| 650 | 0 | |a Plantas |9 264555 | |
| 583 | |a last modification |c 19960517 00:00:00 |k Rodrigo Vera | ||
| 999 | |c 247957 |d 247955 | ||
| 952 | |0 0 |1 0 |4 0 |6 589_200000000000000_FUN_1968 |7 0 |8 A |9 264235 |a BIBING |b BIBING |d 2019-11-19 |i 1661078 |o 589.2 FUN 1968 |p 1661078 |r 2025-01-20 |w 2019-11-19 |y BK |k EIB | ||